01618cac a22003851a 4500999001500000003000900015005001700024008004100041020005700082020005400139040004300193082002200236100004300258245016300301250001900464264006000483264001100543300005200554336002600606337002800632338002700660500002300687500002400710504005100734590001700785650003900802650002800841650002700869653002300896655001700919700003300936856008200969942002501051952015601076 c8731d8731EG-ScBUE20200109093341.0190725t2008 maua f bd 001 0 eng d a9780618920099 (for orders, use student's text ISBNs) a0618920099 (for orders, use student's text ISBNs) aEG-ScBUEbengerdacEG-ScBUEdEG-ScBUE04a808.0427bFEN2221 aFeng-Checkett, Gayle, eauthor.14aThe write start with readings :bparagraphs to essays /cGayle Feng-Checkett, st. Charles Community College, Lawrence Checkett, st. Charles Community College. aThird edition. 1aBoston ;aNew York :bHoughton Mifflin Company,c[2008] 4cc 2008 axxix, 498 pages :bcolor illustrations ;c28 cm 2rdacontentatextbtxt 2rdamediaaunmediatedbn 2rdacarrieravolumebnc aIncludes glossary. a Distributer: Bacca aIncludes bibliographical references and index. aMarwa Ashraf 7aEnglish languagexRhetoric.2BUEsh 7aCollege readers.2BUEsh 7aReport writing.2BUEsh bHHUUEENNcJuly2019 vReading book1 aCheckett, Lawrence,eauthor.413Table of contents onlyuhttp://www.loc.gov/catdir/toc/ecip072/2006033144.html cBBk808.0427FEN2ddc 00102ddc40708BaccahaMAINbMAINc2NDd2008-03-19ePurchasel3m14o808.0427 FENp000010653r2025-07-15 00:00:00s2018-10-14v217.60w2008-03-19yBB